Vplyv súčasných kríz v Európe na hodnotu Európskeho občianstva

Európske občianstvo, ako supranacionálna forma občianstva, v sebe zahŕňa mnoho nadrámcových práv a z nich plynúcich výhod, ktoré prináležia občanom členských krajín EÚ. Je to teda inštitút, ktorý od svojho zakotvenia v Zmluve o Európskej únii prispieva k pozitívnemu vzťahu ľudí voči európskemu zosku...

Ausführliche Beschreibung

Gespeichert in:
Bibliographische Detailangaben
1. Verfasser: Mravcová, Anna
Format: Buchkapitel
Sprache:Slowakisch
Schlagworte:
Tags: Tag hinzufügen
Keine Tags, Fügen Sie das erste Tag hinzu!

MARC

LEADER 00000nla a2200000 4500
001 0236477
005 20240417075126.9
041 0 |a slo 
044 |a SK 
245 1 0 |a Vplyv súčasných kríz v Európe na hodnotu Európskeho občianstva  |c Anna Mravcová 
520 |a Európske občianstvo, ako supranacionálna forma občianstva, v sebe zahŕňa mnoho nadrámcových práv a z nich plynúcich výhod, ktoré prináležia občanom členských krajín EÚ. Je to teda inštitút, ktorý od svojho zakotvenia v Zmluve o Európskej únii prispieva k pozitívnemu vzťahu ľudí voči európskemu zoskupeniu. Avšak Európa v posledných rokoch prechádza z jednej krízy do druhej a dôvera občanov v Úniu pomaly klesá. Výsledkom je, že občania jednej z jej najsilnejších krajín sa rozhodli ju opustiť. Analýza významu európskeho občianstva pre európskych občanov v kontexte súčasných kríz. 
610 2 0 |a Európa 
610 2 0 |a občianstvo štátne 
610 2 0 |a hodnota 
610 2 0 |a kríza 
610 2 0 |a migrácia 
610 2 0 |a referendum 
610 2 0 |a Veľká Británia 
100 1 |a Mravcová, Anna